000 00859nam a2200217 i 4500
001 172378
003 ES-MaACL
005 20230906214907.0
008 090629s1895 fr |||| | fre d
080 _a272(410)
080 _a282(410)
100 1 _aCourson, Comtesse Roger de.
_9140888
245 1 0 _aQuatre portraits de femmes
_b: épisodes des persécutions d'Angleterre /
_cpar la Ctesse R. de Courson.
260 _aParis :
_bFirmin-Didot,
_c1895.
300 _aXII, 455 p., [2] h. de lám. ;
_c19 cm.
594 _aJane Dormer, duchesse de Feria. Margaret Clitherow. Luisa de Carvajal y Mendoza. Mary Ward.
600 1 4 _aCarvajal y Mendoza, Luisa de.
_935949
650 4 _aPersecuciones religiosas-
_zGran Bretaña.
_9140889
650 4 _aCatólicos-
_zInglaterra.
_9138203
852 4 _aES-MaACL
_jE-12576
_z. - Biblioteca Jacinto Martínez Lacalle
999 _c172378
_d172378